Plata y plomo /
Gorde:
| Egile nagusia: | |
|---|---|
| Formatua: | Texto |
| Etiketak: |
Etiketa erantsi
Etiketarik gabe, Izan zaitez lehena erregistro honi etiketa jartzen!
|
MARC
| LEADER | 00000 a a2200000 04500 | ||
|---|---|---|---|
| 001 | 44828 | ||
| 003 | |||
| 040 | |||
| 100 | |a Wood, Tony | ||
| 245 | |a Plata y plomo / |c Tony Wood | ||
| 773 | |g número70 ( , 2011), páginas 117-129 | ||
| 999 | |c 38946 |d 38946 | ||
